Thủy văn công trình nâng cao. Quyển 1, Biến dạng lòng sông dưới cầu
Сохранить в:
| Главный автор: | |
|---|---|
| Формат: | Sách |
| Язык: | Undetermined |
| Опубликовано: |
Xây dựng
2012
|
| Предметы: | |
| Метки: |
Добавить метку
Нет меток, Требуется 1-ая метка записи!
|
| Thư viện lưu trữ: | Trung tâm Thư viện - Trường Đại học Công nghiệp TP. Hồ Chí Minh |
|---|
| LEADER | 00589nam a2200157Ia 4500 | ||
|---|---|---|---|
| 001 | UIH_07844 | ||
| 008 | 231011s9999 xx 000 0 und d | ||
| 082 | |a 627 | ||
| 100 | |a Trần, Đình Nghiên | ||
| 245 | 0 | |a Thủy văn công trình nâng cao. Quyển 1, Biến dạng lòng sông dưới cầu | |
| 245 | 0 | |c Trần, Đình Nghiên | |
| 260 | |b Xây dựng | ||
| 260 | |c 2012 | ||
| 650 | |a Thủy văn; Kỹ thuật thủy lực; | ||
| 927 | |a Sách | ||
| 980 | |a Trung tâm Thư viện - Trường Đại học Công nghiệp TP. Hồ Chí Minh | ||